[Event "CAN-op (Pinnacle 48th CAN Op Ch)"]
[Site "Toronto CAN"]
[Date "2011.07.14"]
[Round "6"]
[White "Ugodnikov, Arkadiy"]
[Black "Opaska, Michael"]
[Result "1-0"]
[WhiteElo "1818"]
[BlackElo "2001"]
[PlyCount "61"]
[GameId "2160767909707352"]
[EventDate "2011.07.09"]
[EventType "swiss"]
[EventRounds "9"]
[EventCountry "CAN"]
[SourceTitle "EXT 2022"]
[Source "ChessBase"]
[SourceDate "2021.10.06"]
[SourceVersion "1"]
[SourceVersionDate "2021.10.06"]
[SourceQuality "1"]

1. e4 c5 2. Nf3 d6 3. Bb5+ Nd7 4. O-O a6 5. Be2 Ngf6 6. d3 g6 7. c3 Bg7 8. Bg5 O-O 9. Na3 b5 10. Nc2 Bb7 11. Qd2 Qc7 12. Bh6 c4 13. Bxg7 Kxg7 14. Rfe1 d5 15. exd5 Nxd5 16. dxc4 bxc4 17. Qd4+ Kg8 18. Qxc4 Qb6 19. Qb3 Qa7 20. Nb4 N5f6 21. Nd4 Rab8 22. Qc2 a5 23. Nbc6 Qc5 24. Nxb8 Rxb8 25. Bf3 e5 26. Nb3 Qc7 27. Bxb7 Rxb7 28. Rad1 Rb8 29. Nd2 Re8 30. Ne4 Nh5 31. Rd2 1-0

[Event "CAN-op (Pinnacle 48th CAN Op Ch)"]
[Site "Toronto CAN"]
[Date "2011.07.14"]
[Round "6"]
[White "Wang, Jesse"]
[Black "Wajdy, Shebetah"]
[Result "1-0"]
[WhiteElo "1998"]
[BlackElo "2194"]
[PlyCount "53"]
[GameId "2160767909707353"]
[EventDate "2011.07.09"]
[EventType "swiss"]
[EventRounds "9"]
[EventCountry "CAN"]
[SourceTitle "EXT 2022"]
[Source "ChessBase"]
[SourceDate "2021.10.06"]
[SourceVersion "1"]
[SourceVersionDate "2021.10.06"]
[SourceQuality "1"]

1. e4 e6 2. d4 d5 3. Nc3 Nf6 4. exd5 exd5 5. Bf4 c6 6. Qd2 Bb4 7. f3 O-O 8. Bd3 Re8+ 9. Nge2 Nbd7 10. a3 Ba5 11. O-O Nf8 12. b4 Bb6 13. Na4 Rxe2 14. Bxe2 Ng6 15. Be3 Bc7 16. Bd3 Qd6 17. g3 Bh3 18. Rf2 h5 19. Bxg6 fxg6 20. Bf4 Qd8 21. Nc5 b6 22. Nd3 a5 23. Re1 h4 24. g4 Bxg4 25. fxg4 Ne4 26. Bxc7 Qxc7 27. Qf4 1-0

[Event "CAN-op (Pinnacle 48th CAN Op Ch)"]
[Site "Toronto CAN"]
[Date "2011.07.14"]
[Round "6"]
[White "Wiebe, Daniel"]
[Black "Picana, Andrew"]
[Result "0-1"]
[WhiteElo "1938"]
[BlackElo "2140"]
[PlyCount "104"]
[GameId "2160767909707356"]
[EventDate "2011.07.09"]
[EventType "swiss"]
[EventRounds "9"]
[EventCountry "CAN"]
[SourceTitle "hb 2011"]

1. e4 c5 2. Nf3 d6 3. d4 cxd4 4. Nxd4 Nf6 5. Nc3 a6 6. Bg5 e6 7. f4 Be7 8. Qf3 Qc7 9. O-O-O Nc6 10. g4 Bd7 11. Bxf6 Bxf6 12. Ndb5 axb5 13. Nxb5 Bxb2+ 14. Kxb2 Qb6 15. Rxd6 Qa5 16. Qb3 Nb8 17. Bc4 O-O 18. Rhd1 Bc6 19. f5 exf5 20. exf5 Na6 21. a3 Nc5 22. Qb4 Na4+ 23. Kb3 Qb6 24. Nc3 Qe3 25. Bxf7+ Rxf7 26. Rd8+ Rxd8 27. Rxd8+ Be8 28. Rxe8+ Qxe8 29. Qxa4 Rd7 30. Ne4 h6 31. Qc4+ Qf7 32. Qxf7+ Kxf7 33. Nc5 Re7 34. c4 Kf6 35. Ne6 g6 36. Nf4 Re4 37. Nd5+ Kf7 38. fxg6+ Kxg6 39. h3 Kg5 40. Kb4 Kh4 41. Kb5 Kxh3 42. c5 Rxg4 43. Kb6 Rg7 44. a4 Kg3 45. a5 h5 46. Ne3 Rf7 47. a6 bxa6 48. c6 Kf2 49. Nc4 a5 50. Ne5 Rg7 51. Kxa5 h4 52. Nd7 Rg6 0-1

[Event "CAN-op (Pinnacle 48th CAN Op Ch)"]
[Site "Toronto CAN"]
[Date "2011.07.14"]
[Round "6"]
[White "Wu, Kevin"]
[Black "Meszaros, Michal"]
[Result "0-1"]
[WhiteElo "1914"]
[BlackElo "2418"]
[PlyCount "84"]
[GameId "2160767909707357"]
[EventDate "2011.07.09"]
[EventType "swiss"]
[EventRounds "9"]
[EventCountry "CAN"]
[SourceTitle "CBM 143 Extra"]
[Source "ChessBase"]
[SourceDate "2011.08.29"]
[SourceVersion "1"]
[SourceVersionDate "2011.08.29"]
[SourceQuality "1"]

1. e4 g6 2. d4 Bg7 3. Nf3 d6 4. c4 Nd7 5. Be2 e5 6. O-O Ne7 7. Nc3 O-O 8. d5 a5 9. a3 f5 10. Ng5 Nc5 11. Be3 Bf6 12. exf5 gxf5 13. f4 Ng6 14. Nh3 e4 15. Rc1 Qe7 16. Kh1 Qg7 17. Qc2 Bd7 18. Rcd1 a4 19. Rg1 Nb3 20. Nf2 Nd4 21. Qd2 Nb3 22. Qc2 Rae8 23. g4 Bd4 24. gxf5 Rxf5 25. Rxd4 Nxd4 26. Qd1 Nxe2 27. Qxe2 Qh6 28. Nfxe4 Kf8 29. Qg2 Re7 30. Bd4 Ref7 31. Ng5 Re7 32. Nge4 Qh4 33. Bf6 Rxf6 34. Nxf6 Qxf6 35. Ne4 Qh4 36. Ng5 Kg8 37. Ne6 Bxe6 38. dxe6 Qxf4 39. Qxb7 Qxc4 40. Re1 Kg7 41. Qf3 Rxe6 42. Rxe6 Qc1+ 0-1

[Event "CAN-op (Pinnacle 48th CAN Op Ch)"]
[Site "Toronto CAN"]
[Date "2011.07.14"]
[Round "6"]
[White "Ye, Stephen"]
[Black "Pedersen, Rick"]
[Result "0-1"]
[WhiteElo "1710"]
[BlackElo "1985"]
[PlyCount "96"]
[GameId "2160767909707358"]
[EventDate "2011.07.09"]
[EventType "swiss"]
[EventRounds "9"]
[EventCountry "CAN"]
[SourceTitle "hb 2011"]

1. e4 d6 2. d4 Nf6 3. Nc3 g6 4. h3 Bg7 5. Be3 O-O 6. f4 Nc6 7. Qd2 e5 8. fxe5 dxe5 9. d5 Nd4 10. Nf3 Nxf3+ 11. gxf3 Nh5 12. O-O-O Ng3 13. Rg1 Nxf1 14. Rgxf1 f5 15. Bh6 f4 16. Bxg7 Kxg7 17. Rh1 Rf6 18. Nb5 Bd7 19. Na3 b5 20. c4 Rb8 21. c5 b4 22. Nc4 b3 23. a3 Qe7 24. Kb1 Qxc5 25. Nxe5 Qc2+ 26. Qxc2 bxc2+ 27. Kxc2 Ba4+ 28. Kc3 Bxd1 29. Rxd1 Rfb6 30. b4 Ra6 31. Kb3 Rd8 32. a4 h5 33. Rc1 Re8 34. Rxc7+ Kf6 35. Nc6 g5 36. a5 g4 37. hxg4 hxg4 38. fxg4 f3 39. Rh7 Rxe4 40. b5 f2 41. Rh1 Re1 42. Rh5 Re3+ 43. Kb2 f1=Q 44. Rf5+ Qxf5 45. gxf5 Rxc6 46. dxc6 Ke7 47. b6 axb6 48. axb6 Kd8 0-1

[Event "CAN-op (Pinnacle 48th CAN Op Ch)"]
[Site "Toronto CAN"]
[Date "2011.07.14"]
[Round "6"]
[White "Yoos, John"]
[Black "Melekhina, Alisa"]
[Result "1/2-1/2"]
[WhiteElo "2439"]
[BlackElo "2262"]
[PlyCount "81"]
[GameId "2160767909707359"]
[EventDate "2011.07.09"]
[EventType "swiss"]
[EventRounds "9"]
[EventCountry "CAN"]
[SourceTitle "EXT 2022"]
[Source "ChessBase"]
[SourceDate "2021.10.06"]
[SourceVersion "1"]
[SourceVersionDate "2021.10.06"]
[SourceQuality "1"]

1. e4 c5 2. Nf3 Nc6 3. d4 cxd4 4. Nxd4 Nf6 5. Nc3 e5 6. Ndb5 d6 7. Bg5 a6 8. Na3 b5 9. Bxf6 gxf6 10. Nd5 Bg7 11. Bd3 Ne7 12. Nxe7 Qxe7 13. O-O f5 14. c4 Rb8 15. Qf3 b4 16. Nc2 f4 17. a3 h5 18. Be2 Bg4 19. Qd3 bxa3 20. b4 f5 21. Bf3 h4 22. Rxa3 h3 23. g3 Bxf3 24. Qxf3 Qb7 25. Re1 fxg3 26. fxg3 f4 27. Kh1 Ke7 28. gxf4 exf4 29. Qg4 Rbg8 30. Rxh3 Bc3 31. Qf5 Rf8 32. Qg5+ Bf6 33. Qg4 Rfg8 34. Qf3 Bh4 35. Re2 Qc8 36. e5 Qxc4 37. exd6+ Kxd6 38. Qd3+ Qxd3 39. Rxd3+ Kc7 40. Nd4 Kb7 41. Nf5 1/2-1/2

[Event "CAN-op (Pinnacle 48th CAN Op Ch)"]
[Site "Toronto CAN"]
[Date "2011.07.14"]
[Round "6"]
[White "Yun, Chang"]
[Black "Pitre, Hanniegn"]
[Result "1-0"]
[WhiteElo "1572"]
[BlackElo "1907"]
[PlyCount "113"]
[GameId "2160767909707360"]
[EventDate "2011.07.09"]
[EventType "swiss"]
[EventRounds "9"]
[EventCountry "CAN"]
[SourceTitle "EXT 2022"]
[Source "ChessBase"]
[SourceDate "2021.10.06"]
[SourceVersion "1"]
[SourceVersionDate "2021.10.06"]
[SourceQuality "1"]

1. e4 c6 2. d4 d5 3. exd5 cxd5 4. c4 Nf6 5. Nc3 e6 6. Nf3 Bb4 7. cxd5 exd5 8. Bd3 Bg4 9. Qa4+ Nc6 10. Ne5 O-O 11. Nxc6 Qe8+ 12. Be3 Bxc3+ 13. bxc3 bxc6 14. O-O Qd7 15. Qc2 Rfe8 16. Rfe1 Qd6 17. Rab1 g6 18. f3 Be6 19. Qd2 Qd7 20. Bg5 Nh5 21. g4 Ng7 22. Bf6 Qd6 23. Be5 Qe7 24. Qf4 Qh4 25. Bf6 Nh5 26. Bxh4 Nxf4 27. Bf1 Bd7 28. Rxe8+ Bxe8 29. Rb7 Ne6 30. Be7 a5 31. Kf2 a4 32. a3 h6 33. Kg3 g5 34. h4 gxh4+ 35. Kxh4 Kg7 36. Bd6 Ng5 37. Kg3 Kg8 38. Be5 Ne6 39. Bd3 c5 40. Bf5 Ng5 41. dxc5 d4 42. cxd4 Bc6 43. Rb6 Bxf3 44. Rxh6 f6 45. Bxf6 Ne4+ 46. Bxe4 Bxe4 47. Rh8+ Kf7 48. Rxa8 Bxa8 49. g5 Ke6 50. Kf4 Bc6 51. Be5 Be8 52. Kg4 Kd5 53. Kf5 Kc4 54. g6 Kb3 55. g7 Bf7 56. c6 Kxa3 57. c7 1-0

[Event "CAN-op (Pinnacle 48th CAN Op Ch)"]
[Site "Toronto CAN"]
[Date "2011.07.14"]
[Round "6"]
[White "Zenyuk, Iryna"]
[Black "Chernik, Dmitry"]
[Result "1-0"]
[WhiteElo "2222"]
[BlackElo "2004"]
[PlyCount "89"]
[GameId "2160767909707361"]
[EventDate "2011.07.09"]
[EventType "swiss"]
[EventRounds "9"]
[EventCountry "CAN"]
[SourceTitle "CBM 143 Extra"]
[Source "ChessBase"]
[SourceDate "2011.08.29"]
[SourceVersion "1"]
[SourceVersionDate "2011.08.29"]
[SourceQuality "1"]

1. d4 Nf6 2. c4 g6 3. Nc3 d5 4. cxd5 Nxd5 5. e4 Nxc3 6. bxc3 c5 7. Rb1 Bg7 8. Nf3 O-O 9. Be2 Nc6 10. d5 Ne5 11. Nxe5 Bxe5 12. Qd2 Qa5 13. Rb3 b5 14. Bxb5 Ba6 15. c4 Qxd2+ 16. Bxd2 Bxb5 17. Rxb5 Rfb8 18. Ke2 Rxb5 19. cxb5 Rb8 20. a4 a6 21. bxa6 Ra8 22. Rc1 Rxa6 23. a5 Bd4 24. f3 f6 25. Kd3 Kf7 26. Rb1 Ra7 27. Kc4 Ke8 28. Rb5 Kd7 29. Bc1 Bf2 30. Bd2 Bd4 31. h3 h5 32. Rb6 g5 33. a6 Kc8 34. Rc6+ Kd7 35. Bc1 Rc7 36. Rxc7+ Kxc7 37. Ba3 Kb6 38. a7 Kxa7 39. Bxc5+ Bxc5 40. Kxc5 Kb7 41. d6 e6 42. Kd4 Kc6 43. e5 Kd7 44. Ke4 h4 45. f4 1-0

[Event "CAN-op (Pinnacle 48th CAN Op Ch)"]
[Site "Toronto CAN"]
[Date "2011.07.14"]
[Round "6"]
[White "Zhao, Yue Tong (Davy)"]
[Black "Lacau Rodean, Iulia"]
[Result "0-1"]
[WhiteElo "1512"]
[BlackElo "2091"]
[PlyCount "70"]
[GameId "2160767909707362"]
[EventDate "2011.07.09"]
[EventType "swiss"]
[EventRounds "9"]
[EventCountry "CAN"]
[SourceTitle "hb 2011"]

1. e4 c5 2. Nc3 d6 3. f4 Nc6 4. Nf3 g6 5. Bc4 Bg7 6. d3 e6 7. Bd2 Nge7 8. O-O O-O 9. Qe1 a6 10. a4 Rb8 11. g4 d5 12. Ba2 b5 13. axb5 axb5 14. Rb1 Nb4 15. Bb3 c4 16. Nxb5 cxb3 17. Bxb4 bxc2 18. Rc1 Rxb5 19. Rxc2 Qb6+ 20. Bc5 Rxc5 21. Qf2 d4 22. Rfc1 Rxc2 23. Rxc2 Ba6 24. Rd2 Rc8 25. h4 Qa5 26. e5 Bb7 27. Kg2 Bxf3+ 28. Kxf3 Qd5+ 29. Kg3 h5 30. g5 Nf5+ 31. Kh2 Ne3 32. Kg3 Rc1 33. Re2 Nf5+ 34. Kh3 Rh1+ 35. Qh2 Qf3# 0-1

[Event "CAN-op (Pinnacle 48th CAN Op Ch)"]
[Site "Toronto CAN"]
[Date "2011.07.15"]
[Round "7"]
[White "Abrahams, Daniel"]
[Black "Rachar, Sean"]
[Result "1-0"]
[WhiteElo "2002"]
[BlackElo "2012"]
[PlyCount "105"]
[GameId "2160767909707363"]
[EventDate "2011.07.09"]
[EventType "swiss"]
[EventRounds "9"]
[EventCountry "CAN"]
[SourceTitle "CBM 143 Extra"]
[Source "ChessBase"]
[SourceDate "2011.08.29"]
[SourceVersion "1"]
[SourceVersionDate "2011.08.29"]
[SourceQuality "1"]

1. e4 g6 2. d4 Bg7 3. Bc4 d6 4. h3 c6 5. Bb3 Nf6 6. Qe2 Nbd7 7. Nf3 e5 8. dxe5 dxe5 9. O-O O-O 10. Nc3 Qc7 11. Be3 b5 12. Nd2 a6 13. a4 b4 14. Na2 a5 15. f3 Ba6 16. Bc4 Bb7 17. Qf2 Ne8 18. Rad1 Nd6 19. Bc5 Nxc5 20. Qxc5 Bc8 21. Nc1 Bh6 22. Be2 Nb7 23. Qf2 Qe7 24. Ncb3 Be6 25. Nc4 Qc7 26. Kh1 Rad8 27. Qa7 Bf4 28. Nc5 Bc8 29. Nxb7 Qe7 30. Qf2 Bxb7 31. Nxa5 Ra8 32. Nxb7 Qxb7 33. b3 Rfd8 34. g3 Bh6 35. Qc5 Bg7 36. a5 Qc7 37. a6 Bf8 38. Qe3 Rd4 39. f4 Bc5 40. Rxd4 Bxd4 41. Qf3 Ra7 42. Bc4 exf4 43. Qd3 Be5 44. gxf4 Bg7 45. f5 g5 46. f6 Bf8 47. Rf5 h6 48. e5 Ra8 49. Rxg5+ Kh8 50. Rg8+ Kxg8 51. Qg6+ Kh8 52. Bxf7 Qxe5 53. Qg8# 1-0

[Event "CAN-op (Pinnacle 48th CAN Op Ch)"]
[Site "Toronto CAN"]
[Date "2011.07.15"]
[Round "7"]
[White "Ang, Alan"]
[Black "Demmery, Steve"]
[Result "0-1"]
[WhiteElo "2029"]
[BlackElo "2208"]
[PlyCount "150"]
[GameId "2160767909707364"]
[EventDate "2011.07.09"]
[EventType "swiss"]
[EventRounds "9"]
[EventCountry "CAN"]
[SourceTitle "hb 2011"]

1. e4 c6 2. d4 d5 3. Nc3 dxe4 4. Nxe4 Bf5 5. Ng3 Bg6 6. h4 h6 7. h5 Bh7 8. Bd3 Bxd3 9. Qxd3 e6 10. Nf3 Nd7 11. Bd2 Ngf6 12. O-O-O Be7 13. Kb1 O-O 14. Ne4 c5 15. g4 Nxg4 16. Nh2 Nxh2 17. Rxh2 f5 18. Nc3 cxd4 19. Qxd4 Nb6 20. Qe5 Qd6 21. Qxd6 Bxd6 22. Rg2 f4 23. Nb5 Be5 24. Re1 Rf5 25. Rg4 Nc4 26. Bc3 Rd8 27. Reg1 Rd7 28. Kc1 a6 29. Na3 Bxc3 30. Nxc4 Bd4 31. Rd1 Rff7 32. Rd2 b5 33. c3 Bc5 34. Ne5 Rxd2 35. Kxd2 Rf5 36. Nd3 Bd6 37. Ke2 e5 38. Rg6 Rf6 39. Rg4 e4 40. Nb4 Bc5 41. b3 f3+ 42. Ke1 Re6 43. Nd5 Bd6 44. a4 bxa4 45. bxa4 Kf7 46. c4 a5 47. Kd2 Bc5 48. Rf4+ Kg8 49. Ne3 Bb4+ 50. Kd1 Re5 51. Rf5 Rxf5 52. Nxf5 Bc5 53. Ng3 Bxf2 54. Nxe4 Be3 55. Nd2 f2 56. Nf1 Bb6 57. Ke2 Kf7 58. Ng3 Ke6 59. Ne4 Bd4 60. Nxf2 Ke5 61. Nd3+ Ke4 62. c5 Kd5 63. Kf3 Bxc5 64. Nxc5 Kxc5 65. Ke4 Kb4 66. Kf5 Kxa4 67. Kg6 Kb4 68. Kxg7 a4 69. Kxh6 a3 70. Kh7 a2 71. h6 a1=Q 72. Kg8 Qg1+ 73. Kh8 Qd4+ 74. Kg8 Qd8+ 75. Kh7 Qf6 0-1

[Event "CAN-op (Pinnacle 48th CAN Op Ch)"]
[Site "Toronto CAN"]
[Date "2011.07.15"]
[Round "7"]
[White "Austria, Federico"]
[Black "Ugodnikov, Arkadiy"]
[Result "1-0"]
[WhiteElo "2105"]
[BlackElo "1818"]
[PlyCount "83"]
[GameId "2160767909707365"]
[EventDate "2011.07.09"]
[EventType "swiss"]
[EventRounds "9"]
[EventCountry "CAN"]
[SourceTitle "hb 2011"]

1. Nf3 Nf6 2. d4 e6 3. e3 c5 4. b3 cxd4 5. exd4 Bb4+ 6. c3 Be7 7. Bd3 d5 8. O-O b6 9. Ne5 Qc7 10. f4 Ba6 11. c4 Nbd7 12. Nd2 dxc4 13. bxc4 Bb7 14. Bb2 O-O 15. Rc1 Rac8 16. Qe2 Nxe5 17. fxe5 Nd7 18. Qh5 h6 19. Ne4 Bxe4 20. Bxe4 f5 21. Qg6 Bg5 22. Qxe6+ Kh8 23. Bxf5 Bxc1 24. Rxc1 Rfd8 25. Ba3 Nf8 26. Bxf8 Rxf8 27. Qg6 Rxf5 28. Qxf5 Rd8 29. Qe4 Re8 30. h3 Qe7 31. c5 bxc5 32. Rxc5 Kg8 33. Rc6 Kh8 34. e6 Qf6 35. a4 Kg8 36. a5 Qd8 37. Qe5 Re7 38. d5 Qe8 39. Rc7 Rxc7 40. Qxc7 Qh5 41. Qb8+ Kh7 42. e7 1-0

[Event "CAN-op (Pinnacle 48th CAN Op Ch)"]
[Site "Toronto CAN"]
[Date "2011.07.15"]
[Round "7"]
[White "Birarov, Vladimir"]
[Black "Agbabishvili, Lali"]
[Result "1-0"]
[WhiteElo "2267"]
[BlackElo "1964"]
[PlyCount "53"]
[GameId "2160767909707368"]
[EventDate "2011.07.09"]
[EventType "swiss"]
[EventRounds "9"]
[EventCountry "CAN"]
[SourceTitle "hb 2011"]

1. d4 d6 2. e4 Nf6 3. Nc3 e5 4. dxe5 dxe5 5. Qxd8+ Kxd8 6. Nf3 Bd6 7. Bg5 c6 8. Bc4 Ke8 9. O-O-O Bc7 10. h3 Nbd7 11. Rhe1 h6 12. Be3 b6 13. a4 Nf8 14. Nh4 Ne6 15. Nf5 Kf8 16. a5 Nf4 17. Bxf4 exf4 18. Nd4 b5 19. Bb3 Bxa5 20. Nxc6 Bb6 21. Re2 a6 22. e5 Nd7 23. Red2 g5 24. Rxd7 Bxd7 25. Rxd7 Bxf2 26. Rxf7+ Ke8 27. Ne4 1-0

[Event "CAN-op (Pinnacle 48th CAN Op Ch)"]
[Site "Toronto CAN"]
[Date "2011.07.15"]
[Round "7"]
[White "Bojkov, Dejan"]
[Black "Zenyuk, Iryna"]
[Result "1-0"]
[WhiteElo "2544"]
[BlackElo "2222"]
[PlyCount "73"]
[GameId "2160767909707369"]
[EventDate "2011.07.09"]
[EventType "swiss"]
[EventRounds "9"]
[EventCountry "CAN"]
[SourceTitle "CBM 143 Extra"]
[Source "ChessBase"]
[SourceDate "2011.08.29"]
[SourceVersion "1"]
[SourceVersionDate "2011.08.29"]
[SourceQuality "1"]

1. e4 c5 2. Nf3 d6 3. c3 Nf6 4. Be2 Nbd7 5. Qc2 Qc7 6. O-O g6 7. Re1 Bg7 8. Na3 a6 9. Bf1 O-O 10. d4 cxd4 11. cxd4 Qxc2 12. Nxc2 e5 13. Bd2 Re8 14. dxe5 dxe5 15. Bc3 Nc5 16. Bxe5 Nfxe4 17. Bxg7 Kxg7 18. Rac1 Bd7 19. Ne3 Bb5 20. Nc4 Rad8 21. b3 Bxc4 22. Rxc4 b5 23. Rc2 b4 24. Rc4 a5 25. Nd4 Rd5 26. Nc6 Ra8 27. g3 Nd2 28. Bg2 Nxc4 29. Bxd5 Nb6 30. Bf3 Rc8 31. Re7 Kf6 32. Ra7 a4 33. Nxb4 axb3 34. axb3 Rd8 35. Rc7 Ne6 36. Rb7 Nd7 37. Nc6 1-0

[Event "CAN-op (Pinnacle 48th CAN Op Ch)"]
[Site "Toronto CAN"]
[Date "2011.07.15"]
[Round "7"]
[White "Cao, Jason"]
[Black "Derraugh, Geordie"]
[Result "1-0"]
[WhiteElo "1908"]
[BlackElo "2140"]
[PlyCount "121"]
[GameId "2160767909707371"]
[EventDate "2011.07.09"]
[EventType "swiss"]
[EventRounds "9"]
[EventCountry "CAN"]
[SourceTitle "hb 2011"]

1. e4 e5 2. Nf3 Nc6 3. Bb5 a6 4. Ba4 Nf6 5. O-O Be7 6. Re1 b5 7. Bb3 O-O 8. a4 b4 9. d3 d6 10. Nbd2 Bg4 11. h3 Be6 12. Nc4 h6 13. a5 Qc8 14. c3 Rb8 15. d4 exd4 16. cxd4 d5 17. Nce5 Nxe5 18. Nxe5 c5 19. exd5 Nxd5 20. Qd3 Rd8 21. Ba4 Rd6 22. Qg3 Kf8 23. Nc6 Ra8 24. Nxe7 Kxe7 25. Qxg7 Qh8 26. Qxh8 Rxh8 27. dxc5 Rdd8 28. Bd2 Kf6 29. Bb3 Rhg8 30. Kh2 Nc3 31. Bxc3+ bxc3 32. Bxe6 cxb2 33. Rab1 fxe6 34. Rxb2 Rg5 35. Rb6 Re8 36. c6 Rxa5 37. c7 Rc5 38. Rb8 Ke7 39. Rxe8+ Kxe8 40. Rxe6+ Kd7 41. Rxa6 h5 42. Kg3 Rg5+ 43. Kh4 Rxg2 44. Rc6 Kc8 45. Rc2 Rh2 46. Kxh5 Rxh3+ 47. Kg4 Ra3 48. f4 Ra5 49. f5 Ra1 50. Kg5 Rg1+ 51. Kf6 Rf1 52. Kg6 Rg1+ 53. Kf7 Rf1 54. f6 Rf3 55. Kg7 Rg3+ 56. Kf8 Rf3 57. f7 Rf1 58. Rc5 Rf2 59. Ke7 Re2+ 60. Kf6 Rf2+ 61. Rf5 1-0

[Event "CAN-op (Pinnacle 48th CAN Op Ch)"]
[Site "Toronto CAN"]
[Date "2011.07.15"]
[Round "7"]
[White "Castaneda, Nelson"]
[Black "Acosta, Mariano"]
[Result "1/2-1/2"]
[WhiteElo "2229"]
[BlackElo "2063"]
[PlyCount "120"]
[GameId "2160767909707372"]
[EventDate "2011.07.09"]
[EventType "swiss"]
[EventRounds "9"]
[EventCountry "CAN"]
[SourceTitle "CBM 143 Extra"]
[Source "ChessBase"]
[SourceDate "2011.08.29"]
[SourceVersion "1"]
[SourceVersionDate "2011.08.29"]
[SourceQuality "1"]

1. e4 c5 2. Nf3 g6 3. d4 cxd4 4. Qxd4 Nf6 5. e5 Nc6 6. Qa4 Nd5 7. Qe4 Nc7 8. Bf4 Ne6 9. Bg3 Qb6 10. Nbd2 Qxb2 11. Rb1 Qc3 12. Bc4 Bh6 13. h4 Ncd4 14. Kd1 Bxd2 15. Bxe6 Nxe6 16. Nxd2 h5 17. Re1 Qd4 18. f3 Qxe4 19. Rxe4 b6 20. a4 Bb7 21. Reb4 Bc6 22. a5 b5 23. c4 a6 24. Bf2 O-O 25. Bb6 f6 26. exf6 Rxf6 27. cxb5 Bxb5 28. Ne4 Rf4 29. Be3 Rff8 30. Kd2 Rf5 31. Rc1 Rd5+ 32. Ke1 Rd3 33. Kf2 Ra3 34. Nc5 Ra2+ 35. Kg3 Ng7 36. Bg5 Rxa5 37. Kh3 Re8 38. Re4 Nf5 39. g4 hxg4+ 40. fxg4 Ra3+ 41. Kh2 Ra2+ 42. Kh3 Ra3+ 43. Kh2 Ng3 44. Rxe7 Rf8 45. Ne4 Nxe4 46. Rxe4 Ra2+ 47. Kg3 Bc6 48. Rf4 Rb8 49. Rf6 Rg2+ 50. Kf4 Rf2+ 51. Ke3 Rxf6 52. Bxf6 Re8+ 53. Kf4 Re2 54. Kg5 Rg2 55. Rf1 Be4 56. Rf4 d5 57. Bd4 Bf5 58. h5 gxh5 59. Kxf5 Rxg4 60. Rxg4+ hxg4 1/2-1/2

[Event "CAN-op (Pinnacle 48th CAN Op Ch)"]
[Site "Toronto CAN"]
[Date "2011.07.15"]
[Round "7"]
[White "Chan, James"]
[Black "Barrios, Felix"]
[Result "0-1"]
[WhiteElo "2022"]
[BlackElo "2172"]
[PlyCount "96"]
[GameId "2160767909707373"]
[EventDate "2011.07.09"]
[EventType "swiss"]
[EventRounds "9"]
[EventCountry "CAN"]
[SourceTitle "EXT 2022"]
[Source "ChessBase"]
[SourceDate "2021.10.06"]
[SourceVersion "1"]
[SourceVersionDate "2021.10.06"]
[SourceQuality "1"]

1. e4 c5 2. Nf3 e6 3. d4 cxd4 4. Nxd4 Nc6 5. Nc3 Qc7 6. Be2 Nf6 7. O-O Be7 8. Kh1 O-O 9. f4 d6 10. Be3 Nxd4 11. Bxd4 e5 12. Be3 b6 13. Bd3 Bb7 14. Qf3 Rad8 15. Rad1 Kh8 16. Qh3 Qc8 17. Qg3 Nh5 18. Qf3 Nxf4 19. Bxf4 exf4 20. Qxf4 Bf6 21. Rf3 Qc5 22. Rh3 Qe5 23. Qf3 g6 24. Rf1 Bg7 25. Qe2 d5 26. exd5 Qxe2 27. Nxe2 Bxb2 28. c4 Be5 29. Rhf3 Kg7 30. a4 Bc8 31. h3 Bd7 32. Bc2 Rde8 33. Nc1 Bd6 34. Nd3 Re2 35. Bb3 Bf5 36. Nf2 h5 37. Bd1 Re7 38. Bb3 Rfe8 39. g4 hxg4 40. hxg4 Bd7 41. Kg2 Re2 42. Bd1 Ra2 43. Bb3 Rb2 44. Kg1 Bc5 45. Kh1 Rh8+ 46. Nh3 f5 47. Bd1 fxg4 48. Rf7+ Kg8 0-1

[Event "CAN-op (Pinnacle 48th CAN Op Ch)"]
[Site "Toronto CAN"]
[Date "2011.07.15"]
[Round "7"]
[White "Chernik, Dmitry"]
[Black "Campbell, Brett"]
[Result "0-1"]
[WhiteElo "1897"]
[BlackElo "2246"]
[PlyCount "50"]
[GameId "2160767909707374"]
[EventDate "2011.07.09"]
[EventType "swiss"]
[EventRounds "9"]
[EventCountry "CAN"]
[SourceTitle "hb 2011"]

1. e4 g6 2. d4 Bg7 3. Be3 d6 4. Bd3 c5 5. c3 cxd4 6. Bxd4 Nf6 7. Ne2 Nc6 8. Be3 d5 9. Nd2 O-O 10. O-O Ng4 11. Bf4 e5 12. Bg3 dxe4 13. Bxe4 f5 14. Bxc6 bxc6 15. f3 Ne3 16. Qb3+ Kh8 17. Rfd1 Nxd1 18. Rxd1 Qb6+ 19. Qxb6 axb6 20. Nc4 Ba6 21. b3 Bxc4 22. bxc4 Rxa2 23. Kf2 Bf6 24. f4 exf4 25. Bxf4 Re8 0-1

[Event "CAN-op (Pinnacle 48th CAN Op Ch)"]
[Site "Toronto CAN"]
[Date "2011.07.15"]
[Round "7"]
[White "Chidley-Hill, John"]
[Black "Peng, Jackie"]
[Result "0-1"]
[WhiteElo "1787"]
[BlackElo "1991"]
[PlyCount "94"]
[GameId "2160767909707375"]
[EventDate "2011.07.09"]
[EventType "swiss"]
[EventRounds "9"]
[EventCountry "CAN"]
[SourceTitle "hb 2011"]

1. d4 Nf6 2. c4 g6 3. Nc3 Bg7 4. e4 d6 5. h3 O-O 6. Nf3 e5 7. d5 Nh5 8. Bg5 f6 9. Be3 Qe8 10. Qd2 f5 11. Bh6 fxe4 12. Bxg7 Nxg7 13. Nxe4 Bf5 14. Ng3 Nd7 15. Be2 a5 16. O-O Nf6 17. Nxf5 Nxf5 18. Rfe1 Ne4 19. Qc1 Qf7 20. Ng5 Nxg5 21. Qxg5 Nd4 22. Bd3 Qxf2+ 23. Kh1 Qf4 24. Qxf4 Rxf4 25. Rf1 Raf8 26. Kg1 Rxf1+ 27. Rxf1 Rxf1+ 28. Kxf1 Kf7 29. Kf2 Kf6 30. Kg3 Nf5+ 31. Kg4 Ne3+ 32. Kf3 Nf5 33. Kg4 h5+ 34. Kf3 h4 35. Kg4 Ne3+ 36. Kf3 Nd1 37. b3 Nc3 38. a3 b5 39. Kg4 e4 40. Bc2 e3 41. Kf3 e2 42. Kf2 bxc4 43. bxc4 g5 44. Ke1 Ke5 45. a4 Kd4 46. Bb3 Ke3 47. Bc2 Na2 0-1

[Event "CAN-op (Pinnacle 48th CAN Op Ch)"]
[Site "Toronto CAN"]
[Date "2011.07.15"]
[Round "7"]
[White "Coleman, Mike"]
[Black "Nicholson, Matthew"]
[Result "0-1"]
[WhiteElo "2162"]
[BlackElo "2029"]
[PlyCount "52"]
[GameId "2160767909707376"]
[EventDate "2011.07.09"]
[EventType "swiss"]
[EventRounds "9"]
[EventCountry "CAN"]

1. e4 c5 2. Nf3 d6 3. d4 cxd4 4. Nxd4 Nf6 5. Nc3 g6 6. Be3 Bg7 7. f3 O-O 8. Qd2 Nc6 9. Bc4 Bd7 10. O-O-O Rb8 11. Bb3 Na5 12. h4 b5 13. h5 Nc4 14. Qd3 Nxe3 15. Qxe3 a5 16. hxg6 hxg6 17. e5 dxe5 18. Ne6 fxe6 19. Bxe6+ Bxe6 20. Rxd8 Rfxd8 21. Qxe5 Rd6 22. Ne4 Nxe4 23. Qxe4 Bf5 24. Qxe7 Rbd8 25. g4 Bh6+ 26. g5 Rd2 0-1